书目信息 |
| 题名: |
说岳全传
|
|
| 作者: | 钱彩 著 | |
| 分册: | ||
| 出版信息: | 长沙 岳麓书社 1993.12 |
|
| 页数: | 539页 | |
| 开本: | 32开 | |
| 丛书名: | ||
| 单 册: | ||
| 中图分类: | I242.4 | |
| 科图分类: | ||
| 主题词: | 小说--中国 | |
| 电子资源: | ||
| ISBN: | 7-80520-426-8 | |
| 000 | 00526nam0 2200193 45 | |
| 001 | 0010231967 | |
| 005 | 20001023193322.3 | |
| 010 | @a7-80520-426-8@d16.00元 | |
| 100 | @a20001023d1993 km y0chiy0120 ea | |
| 101 | 0 | @achi |
| 105 | @a z 000yy | |
| 200 | 1 | @a说岳全传@AShuo Yue Quan Chuan@f钱彩等著@FQian Cai Deng Zhu |
| 210 | @a长沙@c岳麓书社@d1993.12 | |
| 215 | @a539页@d32开 | |
| 606 | 0 | @a小说@x中国 |
| 690 | @aI242.4@v3 | |
| 701 | 0 | @a钱彩@4著 |
| 801 | @aCN@bPftUser@c20001023 | |
| 905 | @b184776-778@dI242.4@eQ.080/1@f3 | |
| 说岳全传/钱彩等著.-长沙:岳麓书社,1993.12 |
| 539页;32开 |
| ISBN 7-80520-426-8:16.00元 |
| ● |
| 相关链接 |
|
|
|
正题名:说岳全传
索取号:I242.4/Q.080/1
 
预约/预借
| 序号 | 登录号 | 条形码 | 馆藏地/架位号 | 状态 | 备注 |
| 1 | 184776 | 201847760 | 社科二线422/422社科库 17排1列5层/ [索取号:I242.4/Q.080/1] | 在馆 | |
| 2 | 184777 | 201847779 | 社科二线422/422社科库 17排1列5层/ [索取号:I242.4/Q.080/1] | 在馆 | |
| 3 | 184778 | 201847788 | 文学库108/ [索取号:I242.4/Q.080/1] | 在馆 |